La influencia de los valores morales sobre el ordenamiento jurídico base de un mundo mejor / (Record no. 79476)

MARC details
000 -LEADER
campo de control de longitud fija 00536nam a2200157 i 4500
001 - NÚMERO DE CONTROL
campo de control 79476
003 - IDENTIFICADOR DE NÚMERO DE CONTROL
campo de control ES-MaACL
005 - FECHA Y HORA DE LA ÚLTIMA TRANSACCIÓN
campo de control 20230906174002.0
007 - CAMPO FIJO DE DESCRIPCIÓN FÍSICA--INFORMACIÓN GENERAL
campo de control de longitud fija t|
008 - DATOS DE LONGITUD FIJA--INFORMACIÓN GENERAL
campo de control de longitud fija 041021s1958 sp ||||1| spa d
100 1# - ENTRADA PRINCIPAL--NOMBRE DE PERSONA
Nombre de persona Heras, Antonio Melchor de las.
9 (RLIN) 62632
245 13 - MENCIÓN DEL TÍTULO
Título La influencia de los valores morales sobre el ordenamiento jurídico base de un mundo mejor /
Mención de responsabilidad, etc. Antonio Melchor de las Heras.
260 ## - PUBLICACIÓN, DISTRIBUCIÓN, ETC.
Lugar de publicación, distribución, etc. Valencia :
Nombre del editor, distribuidor, etc. [s.n.],
Fecha de publicación, distribución, etc. 1958 (
Fabricante Imp. Suc. de Vives Mora)
300 ## - DESCRIPCIÓN FÍSICA
Extensión 58 p. ;
Dimensiones 18 cm.
852 ## - LOCALIZACIÓN
Ubicación ES-MaACL
Número de control de estantería C-24392
Sublocalización o colección R.52760
Holdings
Estatus retirado Estado de pérdida Estado de daño No para préstamo Biblioteca de origen Biblioteca actual Ubicación en estantería Fecha de adquisición Fuente de adquisición Total de préstamos Signatura topográfica completa Código de barras Visto por última vez Precio de reemplazo Tipo de ítem Koha
        Biblioteca del Ateneo de Madrid Biblioteca del Ateneo de Madrid Depósito 2 17/01/2008     C-24392 1083108 23/02/2023 23/02/2023 Libro impreso